[Event "?"]
[Site "?"]
[Date "2021.09.16"]
[Round "6"]
[White "Галактионов, Артем."]
[Black "Ким, Андрей."]
[Result "1/2-1/2"]
[WhiteElo "2371"]
[BlackElo "2037"]
[PlyCount "119"]

1. d4 d5 2. Nf3 Nf6 3. c4 dxc4 4. e3 e6 5. Bxc4 c5 6. O-O a6 7. a4 Nc6 8. Nc3
Be7 9. d5 exd5 10. Nxd5 O-O 11. Nxe7+ Qxe7 12. Bd2 Ne4 13. Be1 Bg4 14. h3 Rad8
15. Qe2 Bh5 16. g4 Bg6 17. Rd1 Rxd1 18. Qxd1 Rd8 19. Qb3 Nd6 20. Be2 c4 21. Qa3
b5 22. Qc5 Qb7 23. Nd4 Nxd4 24. Qxd4 Rd7 25. Bb4 Ne4 26. Qe5 f6 27. Qf4 Ng5 28.
Kh2 Bd3 29. Bxd3 cxd3 30. axb5 axb5 31. Kg3 h5 32. gxh5 Qd5 33. f3 d2 34. Rd1
Qb3 35. Qb8+ Kh7 36. Qe8 Rf7 37. Rxd2 Qxb4 38. Rd1 f5 39. Qe5 Qh4+ 40. Kxh4
Nxf3+ 41. Kg3 Nxe5 42. Kf4 Nc4 43. b3 Na5 44. Rd5 Nxb3 45. Rxb5 Nc1 46. Rxf5
Nd3+ 47. Kg5 Rxf5+ 48. Kxf5 Kh6 49. e4 Kxh5 50. e5 g6+ 51. Kf6 Nf4 52. e6 Nd5+
53. Kf7 g5 54. e7 Nc7 55. Kf6 Kh4 56. Kg6 Ne8 57. Kf7 Nd6+ 58. Kg6 Ne8 59. Kf7
Nc7 60. Kg6 1/2-1/2

[Event "?"]
[Site "?"]
[Date "2021.09.16"]
[Round "6"]
[White "Скворцов, Андрей."]
[Black "Захарцов, Владимир."]
[Result "0-1"]
[WhiteElo "2136"]
[BlackElo "2506"]
[PlyCount "121"]

1. e4 Nc6 2. Nf3 e5 3. Bb5 a6 4. Ba4 Nf6 5. O-O b5 6. Bb3 Be7 7. c3 Nxe4 8. Re1
Nc5 9. Nxe5 Nxe5 10. Rxe5 d6 11. Re2 Nxb3 12. axb3 O-O 13. d4 Bb7 14. Nd2 Re8
15. Nf1 Qd7 16. Ng3 Qc6 17. f3 Qd5 18. b4 c5 19. Qe1 Kf8 20. bxc5 dxc5 21. Be3
c4 22. Qd2 Kg8 23. Rae1 Bf8 24. Bf2 Rxe2 25. Rxe2 f6 26. Ne4 Qf5 27. Bg3 Rd8
28. Qe3 Bc6 29. Kf2 Re8 30. Qf4 Qxf4 31. Bxf4 Bxe4 32. Rxe4 Kf7 33. Rxe8 Kxe8
34. Bc7 Kd7 35. Ba5 Bd6 36. g3 h5 37. Ke3 Ke6 38. f4 Kf5 39. Bb6 g5 40. fxg5
fxg5 41. Bd8 g4 42. Ke2 Bf8 43. Bc7 Bh6 44. Bd6 Ke4 45. Be7 Bc1 46. Kd1 Be3 47.
Ke2 Bh6 48. Bd6 Bg5 49. Bf8 a5 50. Bd6 Bc1 51. Kd1 Bxb2 52. Kc2 Ba1 53. Kd2 b4
54. cxb4 axb4 55. Bxb4 Bxd4 56. Ke2 Be3 57. Bc3 Bg1 58. Bf6 Bxh2 59. Kf2 Kd3
60. Kg2 Bxg3 61. Kxg3 0-1

[Event "?"]
[Site "?"]
[Date "2021.09.16"]
[Round "6"]
[White "Козионов, Кирилл."]
[Black "Тейитбаев, Актилек."]
[Result "1-0"]
[WhiteElo "2438"]
[BlackElo "2106"]
[PlyCount "61"]

1. Nf3 Nf6 2. b3 d5 3. Bb2 g6 4. g3 Bg7 5. Bg2 O-O 6. O-O c5 7. c4 dxc4 8. bxc4
Nc6 9. Ne5 Nxe5 10. Bxe5 Ne8 11. Bxg7 Kxg7 12. Nc3 Nd6 13. d3 Qa5 14. Qc2 Be6
15. Rfb1 Rab8 16. Nb5 Nf5 17. Qc3+ Qxc3 18. Nxc3 Nd6 19. a4 b6 20. Nb5 Nc8 21.
a5 Bd7 22. Nc7 Nd6 23. Na6 b5 24. Nxb8 Rxb8 25. cxb5 Rxb5 26. Rxb5 Bxb5 27. Rc1
c4 28. dxc4 Nxc4 29. Bc6 Ba6 30. Bd5 Nd6 31. Rc7 1-0

[Event "?"]
[Site "?"]
[Date "2021.09.16"]
[Round "6"]
[White "Шведова, Александра."]
[Black "Бабарыкин, Станислав."]
[Result "1-0"]
[WhiteElo "2049"]
[BlackElo "2345"]
[PlyCount "61"]

1. e4 e5 2. Nf3 Nc6 3. Bc4 Nf6 4. d3 Be7 5. O-O O-O 6. Re1 d6 7. a4 h6 8. c3
Nh7 9. h3 Ng5 10. Nxg5 Bxg5 11. Nd2 Kh8 12. Qh5 f5 13. h4 Bxd2 14. Bxd2 f4 15.
g3 Kh7 16. Qe2 Bh3 17. Qf3 Qd7 18. gxf4 exf4 19. d4 Rae8 20. Kh2 Bg4 21. Qg2 f3
22. Qg3 Rf6 23. Bd3 Rg6 24. e5 Bf5 25. e6 Rxg3 26. Bxf5+ g6 27. exd7 Rg2+ 28.
Kh1 Rxe1+ 29. Rxe1 gxf5 30. d5 Nd8 31. Re8 1-0

[Event "?"]
[Site "?"]
[Date "2021.09.16"]
[Round "6"]
[White "Садовский, Артем."]
[Black "Луполов, Борис."]
[Result "1-0"]
[WhiteElo "2215"]
[BlackElo "2007"]
[PlyCount "71"]

1. c4 Nf6 2. g3 e6 3. Bg2 d5 4. Nf3 Be7 5. O-O O-O 6. b3 b6 7. Bb2 Bb7 8. cxd5
Nxd5 9. Nc3 c5 10. Qc2 Bf6 11. Rad1 Nd7 12. Qc1 Qe7 13. Rfe1 Rfd8 14. Na4 Rac8
15. d3 b5 16. Nc3 Nxc3 17. Bxc3 Nb6 18. Bxf6 Qxf6 19. Qa3 a6 20. Rc1 Qe7 21. d4
Nd7 22. Red1 Re8 23. Ne1 b4 24. Qa4 Bxg2 25. Kxg2 cxd4 26. Rxc8 Rxc8 27. Rxd4
g6 28. Qxa6 Rc7 29. Qb5 Nf6 30. Qxb4 Qc5 31. Nf3 Nd5 32. Qd2 Qb5 33. e4 Nf6 34.
Rd8+ Kg7 35. Qd6 Nxe4 36. Qxc7 1-0

[Event "?"]
[Site "?"]
[Date "2021.09.16"]
[Round "6"]
[White "Матевосян, Матевос."]
[Black "Ахмедов, Давид."]
[Result "0-1"]
[WhiteElo "1907"]
[BlackElo "2041"]
[PlyCount "91"]

1. d4 Nf6 2. Nf3 g6 3. c4 Bg7 4. g3 O-O 5. Bg2 d6 6. Nc3 Nbd7 7. O-O e5 8. e4
Re8 9. h3 c6 10. Be3 Qc7 11. Qc2 b6 12. Rad1 Bb7 13. Rfe1 a6 14. b3 Rac8 15.
Kh2 exd4 16. Nxd4 b5 17. a3 Qa5 18. b4 Qc7 19. Nb3 c5 20. Na5 Ba8 21. Bf4 Ne5
22. Nd5 Nxd5 23. exd5 cxb4 24. axb4 Nxc4 25. Rxe8+ Rxe8 26. Nxc4 bxc4 27. Qa4
Rd8 28. Qxa6 c3 29. Re1 h6 30. Bxd6 Qd7 31. Qb6 c2 32. Qc7 Qxd6 33. Qxc2 Qxb4
34. Qc7 Bf6 35. Rc1 Bxd5 36. Rd1 Qb3 37. Bxd5 Rxd5 38. Rf1 Rf5 39. Qc6 Kg7 40.
Qe4 h5 41. h4 Qb2 42. Kg2 Bd4 43. Kh3 Rxf2 44. Rxf2 Qxf2 45. Qh1 Be5 46. Qg2
0-1

[Event "?"]
[Site "?"]
[Date "2021.09.16"]
[Round "6"]
[White "Амирджанян, Владимир."]
[Black "Гухман, Сергей."]
[Result "1/2-1/2"]
[WhiteElo "2031"]
[BlackElo "1915"]
[PlyCount "85"]

1. d4 Nf6 2. Nf3 e6 3. c4 a6 4. Bg5 d5 5. e3 dxc4 6. Bxc4 b5 7. Be2 Bb7 8. O-O
Nbd7 9. a4 b4 10. Nbd2 c5 11. Nb3 Be7 12. Rc1 cxd4 13. Nfxd4 Rc8 14. Rxc8 Qxc8
15. Qc1 Qa8 16. Bf3 Bxf3 17. Nxf3 O-O 18. Rd1 Rc8 19. Qd2 Qc6 20. Rc1 Qb7 21.
Rxc8+ Qxc8 22. Qc1 Qxc1+ 23. Nxc1 Nc5 24. b3 h6 25. Bxf6 Bxf6 26. Nd4 Kf8 27.
Kf1 Ke8 28. Ke2 Kd7 29. f3 Kd6 30. Nc2 Bc3 31. e4 f5 32. exf5 exf5 33. Ne3 f4
34. Nd1 Bd4 35. Kd2 Kd5 36. Ke2 a5 37. Kd2 g5 38. Ke2 Bg1 39. h3 Kd4 40. Kd2
Kd5 41. Ke2 Kd4 42. Kd2 Kd5 43. Ke2 1/2-1/2

[Event "?"]
[Site "?"]
[Date "2021.09.16"]
[Round "6"]
[White "Ильина, Лада."]
[Black "Ба~~алиашвили, Эдуард."]
[Result "0-1"]
[WhiteElo "1889"]
[BlackElo "1947"]
[PlyCount "68"]

1. e4 e5 2. Nf3 Nc6 3. Bb5 Nf6 4. d3 Bc5 5. O-O d6 6. c3 O-O 7. Bg5 Bb6 8. Nbd2
h6 9. Bh4 g5 10. Bg3 Bg4 11. h3 Bh5 12. Bxc6 bxc6 13. Qa4 Qd7 14. h4 g4 15. Nh2
Bg6 16. d4 exd4 17. cxd4 Nh5 18. Kh1 Rae8 19. Rfe1 Kh7 20. Nhf1 d5 21. e5 Nxg3+
22. fxg3 h5 23. Rac1 Qf5 24. Nb3 Re6 25. Qb4 Rfe8 26. a4 a5 27. Nxa5 Qf2 28.
Nb3 Rxe5 29. Qd2 Re2 30. Rxe2 Rxe2 31. Qxe2 Qxe2 32. Nfd2 Ba5 33. Nxa5 Qxd2 34.
Nb3 Qxb2 0-1

[Event "?"]
[Site "?"]
[Date "2021.09.16"]
[Round "6"]
[White "Иванников, Максим."]
[Black "Дон~~ев, Александр."]
[Result "1/2-1/2"]
[WhiteElo "1956"]
[BlackElo "1000"]
[PlyCount "45"]

1. e4 Nc6 2. Nf3 e5 3. Bc4 Nf6 4. d3 h6 5. O-O g6 6. d4 exd4 7. Nxd4 Bg7 8.
Nxc6 bxc6 9. e5 Nh7 10. f4 d5 11. Bd3 f5 12. c4 O-O 13. Qf3 Be6 14. Nc3 Rf7 15.
Rd1 Rd7 16. Bc2 Nf8 17. Ba4 dxc4 18. Be3 Rb8 19. Bxc6 Rd3 20. Rxd3 cxd3 21. Qf2
a6 22. Rd1 g5 23. g3 1/2-1/2

[Event "?"]
[Site "?"]
[Date "2021.09.16"]
[Round "6"]
[White "Ростовцев, Дмитрий."]
[Black "Усов, Дмитрий."]
[Result "1-0"]
[WhiteElo "2124"]
[BlackElo "1828"]
[PlyCount "133"]

1. e4 c6 2. d4 d5 3. e5 c5 4. dxc5 Nc6 5. Nf3 Bg4 6. c3 e6 7. Be3 a6 8. Qb3 Qc7
9. Nbd2 Nge7 10. Qa4 Bxf3 11. Nxf3 Nf5 12. Bd4 Be7 13. Bb5 O-O 14. Bxc6 bxc6
15. O-O a5 16. Rab1 Rfb8 17. a3 Ra7 18. g4 Nxd4 19. Nxd4 Rc8 20. f4 Bxc5 21.
Kg2 Qb6 22. f5 exf5 23. gxf5 Bxd4 24. cxd4 Qb5 25. Qd1 c5 26. Qg4 f6 27. Kh1
Qd3 28. Rbd1 Qe4+ 29. Qxe4 dxe4 30. e6 e3 31. Rc1 Rac7 32. d5 Rd8 33. Rfd1 Rd6
34. Kg2 c4 35. Kf3 Rc5 36. Ke4 a4 37. Rd4 e2 38. Re1 g6 39. Rxe2 gxf5+ 40. Kxf5
Rcxd5+ 41. Rxd5 Rxd5+ 42. Kxf6 Kf8 43. Rg2 Rd6 44. h4 Rb6 45. h5 Rc6 46. h6 Rd6
47. Rg7 c3 48. bxc3 Rb6 49. Rxh7 Kg8 50. Rg7+ Kh8 51. Ra7 Rb8 52. Rxa4 Rf8+ 53.
Ke7 Rc8 54. Kd7 Rxc3 55. Rd4 Re3 56. e7 Kh7 57. e8=Q Rxe8 58. Kxe8 Kh8 59. Rg4
Kh7 60. Rg1 Kh8 61. a4 Kh7 62. a5 Kh8 63. a6 Kh7 64. a7 Kh8 65. a8=Q Kh7 66.
Kf7 Kxh6 67. Qh1# 1-0

[Event "?"]
[Site "?"]
[Date "2021.09.16"]
[Round "6"]
[White "Кокодеев, Илья."]
[Black "Петрова, Елизавета."]
[Result "0-1"]
[WhiteElo "1739"]
[BlackElo "1835"]
[PlyCount "196"]

1. e4 c6 2. d4 d5 3. e5 Bf5 4. h4 h6 5. g4 Be4 6. f3 Bh7 7. h5 e6 8. Bd3 Bxd3
9. Qxd3 Nd7 10. Be3 Qb6 11. Qb3 Qc7 12. Nd2 Ne7 13. Ne2 c5 14. c3 c4 15. Qc2
Nc6 16. f4 O-O-O 17. b3 Na5 18. b4 Nc6 19. a4 Ne7 20. Nf3 g6 21. Kd2 Rg8 22.
Rag1 f6 23. Nh4 g5 24. Nf3 fxe5 25. Nxe5 Nxe5 26. fxe5 Nc6 27. Rb1 Bg7 28. Rhf1
Rdf8 29. Qg6 Qe7 30. Ng3 Nd8 31. Rxf8 Rxf8 32. Rf1 Rxf1 33. Nxf1 a5 34. Qb1
axb4 35. Qxb4 Qf7 36. Ke2 Bf8 37. Qb1 Nc6 38. Nd2 Kc7 39. Qc2 Na5 40. Qb1 Nc6
41. Qc2 Nb8 42. Qb1 Be7 43. Qc2 Nd7 44. Qb1 Bd8 45. Qg6 Qe7 46. Qxh6 Nb6 47.
Nf3 Nxa4 48. Bxg5 Nxc3+ 49. Kf1 Qf7 50. Bxd8+ Kxd8 51. Qe3 Ne4 52. Ke2 Ng3+ 53.
Ke1 Qf8 54. Nd2 Ne4 55. Nxe4 dxe4 56. h6 Qe7 57. Qxe4 Qh4+ 58. Ke2 Qxh6 59.
Qxb7 Qh2+ 60. Kd1 Qg1+ 61. Kc2 Qxd4 62. Qb8+ Ke7 63. Qc7+ Ke8 64. Qc6+ Kf7 65.
Qf3+ Ke8 66. Qc6+ Kf7 67. Qc7+ Kg6 68. Qd6 Qxg4 69. Kc3 Kf5 70. Qf8+ Kxe5 71.
Qc5+ Kf6 72. Qf8+ Kg5 73. Qe7+ Kf5 74. Qf7+ Ke5 75. Qc7+ Ke4 76. Qxc4+ Kf5 77.
Qc5+ e5 78. Qf8+ Ke4 79. Qb4+ Kf3 80. Qb7+ Ke3 81. Qb3 Qd4+ 82. Kc2+ Ke2 83.
Qb5+ Kf3 84. Qf1+ Qf2+ 85. Qxf2+ Kxf2 86. Kd3 Kf3 87. Kd2 e4 88. Ke1 Ke3 89.
Kf1 Kd2 90. Kg2 e3 91. Kh1 e2 92. Kg2 e1=Q 93. Kf3 Qe5 94. Kg4 Qf6 95. Kh5 Qg7
96. Kh4 Ke3 97. Kh5 Kf4 98. Kh4 Qh6# 0-1

[Event "?"]
[Site "?"]
[Date "2021.09.16"]
[Round "6"]
[White "Ростовцев, Петр."]
[Black "Фролов, Максим."]
[Result "1/2-1/2"]
[WhiteElo "1602"]
[BlackElo "1701"]
[PlyCount "80"]

1. d4 Nf6 2. Bf4 c5 3. e3 Nd5 4. Bxb8 Rxb8 5. c3 Qb6 6. Qb3 cxd4 7. Qxb6 Nxb6
8. cxd4 e6 9. Nc3 d5 10. O-O-O Bd7 11. Nf3 Rc8 12. Kb1 a6 13. Ne5 Bb4 14. Nxd7
Kxd7 15. Rc1 Rc7 16. Ne2 Rhc8 17. Rxc7+ Rxc7 18. Nf4 Nc4 19. Bxc4 Rxc4 20. Nd3
Bd6 21. g3 f6 22. f4 h5 23. h4 b5 24. Rg1 Ke7 25. Rc1 Rxc1+ 26. Kxc1 g5 27. Kd2
g4 28. b4 Kd7 29. Nc5+ Bxc5 30. bxc5 Kc6 31. Kd3 a5 32. Kd2 f5 33. Kd3 Kc7 34.
Kd2 Kc6 35. a4 b4 36. Kc2 Kc7 37. Kd2 Kc6 38. Kc2 Kc7 39. Kd2 Kc6 40. Kc2 Kc7
1/2-1/2

[Event "?"]
[Site "?"]
[Date "2021.09.16"]
[Round "6"]
[White "Кишиев, Фамил."]
[Black "Семены~~ев, Александр."]
[Result "1/2-1/2"]
[WhiteElo "1861"]
[BlackElo "2124"]
[PlyCount "104"]

1. e4 e5 2. d4 exd4 3. Nf3 Bc5 4. Nxd4 Qe7 5. Nc3 d6 6. Be3 Nf6 7. Qd3 O-O 8.
O-O-O Re8 9. Bg5 Qe5 10. f4 Qxd4 11. Qxd4 Bxd4 12. Rxd4 Nc6 13. Bxf6 gxf6 14.
Rd3 Kh8 15. Rg3 Ne7 16. Nb5 Rb8 17. Nxc7 Rf8 18. Nb5 d5 19. Bd3 a6 20. Nd6 Be6
21. exd5 Bxd5 22. Re1 Ng6 23. c4 Rbd8 24. Bxg6 Rxd6 25. Bxh7 Bxc4 26. Rh3 Kg7
27. Ree3 Rh8 28. Be4 Rxh3 29. Rxh3 Rd4 30. Rg3+ Kf8 31. Bxb7 Rxf4 32. b3 Be2
33. Re3 Rf2 34. a3 a5 35. Bc6 Bg4 36. b4 axb4 37. axb4 Be6 38. b5 Ke7 39. Bd5
Kd6 40. Bxe6 fxe6 41. Rg3 Kc5 42. h4 Rf5 43. Rb3 Kb6 44. Kd1 Rf2 45. g3 f5 46.
Ke1 Rh2 47. Re3 f4 48. Rxe6+ Kxb5 49. gxf4 Rxh4 50. Re4 Rh2 51. f5 Kc6 52. f6
Rh6 1/2-1/2

[Event "?"]
[Site "?"]
[Date "2021.09.16"]
[Round "6"]
[White "Грановский, Александр."]
[Black "Гильфанов, Марат."]
[Result "0-1"]
[WhiteElo "1000"]
[BlackElo "1851"]
[PlyCount "82"]

1. d4 Nf6 2. Bg5 d5 3. Bxf6 exf6 4. e3 c6 5. Nd2 Bf5 6. Ngf3 Qb6 7. Rb1 Nd7 8.
Nh4 Be6 9. Bd3 g6 10. O-O f5 11. c4 Be7 12. Nhf3 h5 13. c5 Qc7 14. b4 O-O 15.
Qc2 Nf6 16. b5 Ne4 17. bxc6 bxc6 18. Ba6 Bc8 19. Bxc8 Rfxc8 20. Rb3 Rcb8 21.
Rfb1 g5 22. Nf1 Bf6 23. Ng3 Rxb3 24. Rxb3 Nxg3 25. hxg3 Qc8 26. Qb1 Kg7 27. Ne1
Qe6 28. Rb8 Rxb8 29. Qxb8 Bxd4 30. Qxa7 f4 31. gxf4 gxf4 32. Nf3 fxe3 33. Nxd4
Qe4 34. Nf3 Qb1+ 35. Kh2 exf2 36. Nd2 Qg1+ 37. Kg3 Qe1 38. Nf1 Qxf1 39. Qe7 Kg6
40. Qd6+ f6 41. Qf4 Qe1 0-1

[Event "?"]
[Site "?"]
[Date "2021.09.16"]
[Round "6"]
[White "Мирзоян, Самвел."]
[Black "Арутo^нова, o/oлия."]
[Result "1-0"]
[WhiteElo "1829"]
[BlackElo "1771"]
[PlyCount "97"]

1. Nf3 d5 2. g3 c5 3. Bg2 Nf6 4. O-O Nc6 5. d4 cxd4 6. Nxd4 e5 7. Nxc6 bxc6 8.
c4 Bb7 9. Bg5 Be7 10. cxd5 cxd5 11. Qa4+ Qd7 12. Qxd7+ Nxd7 13. Bxe7 Kxe7 14.
Nc3 Nf6 15. Rfd1 Rhd8 16. Rac1 Rac8 17. Bh3 Rc5 18. Na4 Rxc1 19. Rxc1 Kd6 20.
Nc5 Bc6 21. b4 Rb8 22. a3 Bb5 23. e3 Bc4 24. Bf1 Bxf1 25. Kxf1 Rb6 26. Ke2 Rc6
27. Nb7+ Kc7 28. Rxc6+ Kxc6 29. Nd8+ Kb5 30. Nxf7 e4 31. Nd8 a5 32. bxa5 Kxa5
33. h3 Ka4 34. Kd2 Kxa3 35. Kc3 Ka2 36. Ne6 Kb1 37. Nxg7 Kc1 38. g4 h6 39. Nf5
Kd1 40. Nxh6 Ke2 41. g5 Nh5 42. Ng4 Kf3 43. Kd4 Kg2 44. Kxd5 Kxh3 45. Nf6 Ng7
46. Kxe4 Kh4 47. f4 Ne6 48. Ke5 Nf8 49. Kf5 1-0

[Event "?"]
[Site "?"]
[Date "2021.09.16"]
[Round "6"]
[White "Соломин, Максим."]
[Black "Пани~~кин, Алексей."]
[Result "1-0"]
[WhiteElo "1916"]
[BlackElo "1700"]
[PlyCount "53"]

1. d4 Nf6 2. c4 e6 3. Nc3 Bb4 4. f3 d5 5. a3 Bxc3+ 6. bxc3 c5 7. cxd5 exd5 8.
e3 O-O 9. Bd3 Nc6 10. Ne2 Re8 11. O-O Rb8 12. Ng3 b5 13. Ra2 a5 14. Raf2 Ba6
15. Nf5 c4 16. Bc2 Ne7 17. Ng3 b4 18. e4 Nd7 19. e5 Nf8 20. f4 bxc3 21. f5 Nc6
22. Qg4 g6 23. Bh6 Bc8 24. e6 Nxe6 25. fxg6 Rf8 26. gxh7+ Kh8 27. Rxf7 1-0

[Event "?"]
[Site "?"]
[Date "2021.09.16"]
[Round "6"]
[White "Якушков, Павел."]
[Black "Абылкасымов, Кайратбек."]
[Result "0-1"]
[WhiteElo "1811"]
[BlackElo "1000"]
[PlyCount "110"]

1. e4 e5 2. Nf3 Nc6 3. Bc4 Bc5 4. c3 Nf6 5. d4 exd4 6. e5 d5 7. Bb5 Ne4 8. cxd4
Bb6 9. Nc3 O-O 10. Be3 Bg4 11. h3 Bh5 12. Qc2 Bg6 13. Qb3 Ne7 14. O-O f6 15.
Rac1 Kh8 16. exf6 Rxf6 17. Ne5 Nxc3 18. bxc3 h6 19. Nxg6+ Nxg6 20. Bd3 Nh4 21.
Qd1 Nf5 22. Bf4 Nxd4 23. Be5 Nc6 24. Bxf6 Qxf6 25. Bb1 Ne7 26. Qd3 g6 27. g3 c6
28. c4 dxc4 29. Rxc4 Rd8 30. Qb3 Nd5 31. Rg4 g5 32. Qc2 Qf7 33. h4 Rf8 34. Qe2
Nf6 35. Rb4 Qd5 36. Be4 Qd6 37. Rb3 Re8 38. hxg5 hxg5 39. Rd3 Qe5 40. Qd1 Qxe4
41. Rd6 Re6 42. Rd3 Kg7 43. Qd2 Qg4 44. Kg2 Qe4+ 45. Kg1 Kg6 46. Rb3 Re8 47.
Rb4 Qd5 48. Qc2+ Kg7 49. Rd1 Qe5 50. Rb2 Qxg3+ 51. Kf1 Qh3+ 52. Kg1 Qg4+ 53.
Kf1 Rh8 54. Ke1 Ba5+ 55. Rd2 Rh1# 0-1

[Event "?"]
[Site "?"]
[Date "2021.09.16"]
[Round "6"]
[White "Камаев, Джабраил."]
[Black "Королев, Кирилл."]
[Result "1-0"]
[WhiteElo "1943"]
[BlackElo "1888"]
[PlyCount "97"]

1. d4 Nf6 2. Nf3 e6 3. e3 b6 4. Nbd2 Bb7 5. Bd3 c5 6. O-O Qc7 7. c3 d6 8. Qe2
Be7 9. e4 O-O 10. Re1 cxd4 11. cxd4 Nbd7 12. Nf1 e5 13. Bg5 Rac8 14. Ng3 Rfe8
15. Nf5 Bf8 16. d5 h6 17. Rac1 Qb8 18. Bxf6 Nxf6 19. Bb5 Rxc1 20. Rxc1 Rc8 21.
Rc2 g6 22. Ng3 h5 23. Bc6 Bxc6 24. Rxc6 Rxc6 25. dxc6 Qc7 26. Qc4 Kg7 27. Ng5
Ng8 28. Ne2 b5 29. Qxb5 Ne7 30. Qc4 Nxc6 31. h4 Qd7 32. g3 Nd8 33. Nc3 Be7 34.
Nf3 Qg4 35. Kg2 Ne6 36. Nd5 Bd8 37. Nxe5 Qd1 38. Nf3 Nc5 39. Nf4 Bf6 40. b4 Nd7
41. Qd5 Qc2 42. Qxd6 Nb6 43. e5 Bd8 44. Qxd8 Nc4 45. Qd4 Kg8 46. Ng5 Nd2 47.
Qd8+ Kg7 48. Qf6+ Kh6 49. Qh8# 1-0

[Event "?"]
[Site "?"]
[Date "2021.09.16"]
[Round "6"]
[White "Силенко, Алексей."]
[Black "Володин, Виктор."]
[Result "0-1"]
[WhiteElo "1729"]
[BlackElo "2039"]
[PlyCount "118"]

1. e4 d5 2. exd5 Qxd5 3. Nc3 Qd6 4. h3 a6 5. Nf3 Nf6 6. d4 Nbd7 7. g3 b5 8. Bf4
Qb6 9. Bg2 Bb7 10. O-O e6 11. Re1 Be7 12. a4 b4 13. a5 Qa7 14. Nb1 Nd5 15. Bg5
O-O 16. Bxe7 Nxe7 17. Nbd2 Nf6 18. Nb3 Nd7 19. Qd2 Nd5 20. Ne5 Nxe5 21. Rxe5
Ne7 22. Bxb7 Qxb7 23. Nc5 Qc8 24. Ree1 Rb8 25. Qd3 Rb5 26. c4 bxc3 27. bxc3 Nc6
28. Reb1 Rxa5 29. Rxa5 Nxa5 30. Qxa6 Qxa6 31. Nxa6 c6 32. Rb4 c5 33. Rb5 Nc6
34. Rxc5 Ne7 35. g4 g6 36. c4 Rd8 37. Rc7 Kf8 38. c5 Rxd4 39. c6 Rc4 40. Nb8
Nd5 41. Rc8+ Kg7 42. g5 h6 43. gxh6+ Kxh6 44. Kf1 Rc2 45. Ke1 Kg5 46. Rd8 Kf4
47. Kd1 Rc4 48. Ke2 Ke4 49. f3+ Kd4 50. Rd7 f5 51. Kd2 Ke5 52. Kd3 Rc3+ 53. Kd2
Rc5 54. Rg7 Kf4 55. Rxg6 e5 56. Na6 Rc4 57. Rd6 Ne3 58. c7 Rc2+ 59. Kd3 e4+ 0-1

[Event "?"]
[Site "?"]
[Date "2021.09.16"]
[Round "6"]
[White "Матo^нин, Владислав."]
[Black "Маймин, Леонид."]
[Result "1-0"]
[WhiteElo "1993"]
[BlackElo "1686"]
[PlyCount "81"]

1. d4 Nf6 2. c4 g6 3. Nc3 d5 4. cxd5 Nxd5 5. e4 Nxc3 6. bxc3 Bg7 7. Nf3 O-O 8.
Be2 c5 9. O-O Bg4 10. Be3 Nc6 11. d5 Ne5 12. Bxc5 Nxf3+ 13. Bxf3 Bxf3 14. Qxf3
Rc8 15. Bd4 e5 16. Bxa7 f5 17. Rab1 Rc4 18. exf5 Rxf5 19. Qd3 Rc8 20. Rxb7 e4
21. Qxe4 Qxd5 22. Re1 Bxc3 23. Qe7 Rf7 24. Qxf7+ Qxf7 25. Rxf7 Kxf7 26. Rc1 Ra8
27. Rxc3 Rxa7 28. a3 Ra5 29. g3 Kf6 30. h4 h6 31. Kf1 g5 32. hxg5+ hxg5 33. Ke2
Ke6 34. Re3+ Kd6 35. Kf3 Ra4 36. Kg2 Kd5 37. Kh3 Kd6 38. Kg2 Kd5 39. Kh2 Kd6
40. Kh3 Kd5 41. Re8 1-0

[Event "?"]
[Site "?"]
[Date "2021.09.16"]
[Round "6"]
[White "Вершинин, Игорь."]
[Black "Рататаев, Илья."]
[Result "1-0"]
[WhiteElo "1937"]
[BlackElo "1835"]
[PlyCount "83"]

1. e4 c5 2. Nf3 e6 3. Be2 Nc6 4. O-O d6 5. c4 g6 6. d4 cxd4 7. Nxd4 Bg7 8. Nb5
Bf8 9. Bf4 e5 10. Be3 a6 11. N5c3 Bg7 12. Nd5 f5 13. Bb6 Qd7 14. Nc7+ Kf8 15.
Nxa8 Nge7 16. Nc7 fxe4 17. Nd5 Nf5 18. Bg4 h5 19. Bh3 Qe8 20. Nbc3 g5 21. Bxf5
Bxf5 22. Ne3 Nd4 23. Bxd4 exd4 24. Nxf5 Qe5 25. Nxg7 dxc3 26. bxc3 Kxg7 27. Qd4
Kf6 28. Qxe5+ dxe5 29. Rab1 Rc8 30. Rxb7 Rxc4 31. Rb6+ Kf5 32. Rc1 Ra4 33. c4
Rxa2 34. c5 Rd2 35. c6 e3 36. fxe3 Rd8 37. c7 Rc8 38. Rxa6 Ke4 39. Rd6 Kxe3 40.
Rd8 Rxc7 41. Re1+ Kf4 42. Rf8+ 1-0

[Event "?"]
[Site "?"]
[Date "2021.09.16"]
[Round "6"]
[White "Ëo^цингер, Ирен."]
[Black "Емель~~енков, Иван."]
[Result "0-1"]
[WhiteElo "1779"]
[BlackElo "1741"]
[PlyCount "122"]
[EventDate "2021.??.??"]

1. d4 Nf6 2. Bg5 Ne4 3. Bf4 c5 4. f3 Nf6 5. d5 g6 6. e4 Bg7 7. Nc3 d6 8. Bb5+
Bd7 9. Bxd7+ Nbxd7 10. Nge2 Qa5 11. a4 O-O 12. O-O a6 13. Qc1 Rfc8 14. Bh6 Bh8
15. Bd2 Qc7 16. f4 Rab8 17. f5 b5 18. axb5 axb5 19. Ng3 c4 20. Qe1 Nc5 21. fxg6
hxg6 22. Qe3 Qb6 23. Kh1 b4 24. Nce2 Bg7 25. Qf3 b3 26. c3 Ra8 27. Be3 Ra2 28.
Rab1 Rca8 29. Nc1 Ra1 30. Nce2 Rxb1 31. Rxb1 Ra2 32. Nc1 Ra4 33. Nce2 Qa5 34.
Bxc5 dxc5 35. Qf1 Ng4 36. Nf4 Ne5 37. Kg1 Ra2 38. h3 Rxb2 39. Rxb2 Qxc3 40. d6
exd6 41. Nd5 Qxb2 42. Nh5 Qd4+ 43. Kh2 gxh5 44. Ne7+ Kf8 45. Nf5 Qxe4 46. Nxd6
Nf3+ 47. Kh1 Qe1 48. Qxe1 Nxe1 49. Nxc4 b2 50. Nxb2 Bxb2 51. Kg1 c4 52. Kf1 c3
53. Kxe1 c2 54. g4 c1=Q+ 55. Ke2 hxg4 56. hxg4 Qc2+ 57. Kf3 Be5 58. g5 Kg7 59.
g6 Kxg6 60. Kg4 Qg2+ 61. Kh4 Qg3# 0-1

[Event "?"]
[Site "?"]
[Date "2021.09.16"]
[Round "6"]
[White "Давидян, Владимир."]
[Black "Бардык, Артем."]
[Result "0-1"]
[WhiteElo "1418"]
[BlackElo "1924"]
[PlyCount "72"]
[EventDate "2021.??.??"]

1. e4 c6 2. d4 d5 3. Nc3 dxe4 4. Nxe4 Bf5 5. Ng3 Bg6 6. Bc4 e6 7. N1e2 Nd7 8.
h4 h6 9. Nf4 Bh7 10. Qe2 Ngf6 11. O-O Bd6 12. Bxe6 fxe6 13. Nxe6 Qe7 14. Re1
Nf8 15. Nc7+ Kd7 16. Qxe7+ Bxe7 17. Nxa8 Ne6 18. c3 Rxa8 19. Bd2 Bd6 20. Nf1
Rf8 21. Be3 g5 22. hxg5 hxg5 23. Rad1 Nf4 24. c4 Bc2 25. Rd2 Bb4 26. Bxf4 gxf4
27. Rxc2 Bxe1 28. Re2 Re8 29. Rxe8 Nxe8 30. Nh2 Nd6 31. Nf3 Ba5 32. Ne5+ Ke6
33. b3 Kf5 34. f3 Bc3 35. Kf1 Bxd4 36. Nd3 Nf7 0-1

[Event "?"]
[Site "?"]
[Date "2021.09.16"]
[Round "6"]
[White "Афинеевский, Илья."]
[Black "Данилина, Софья."]
[Result "1-0"]
[WhiteElo "1643"]
[BlackElo "1485"]
[PlyCount "71"]

1. d4 Nf6 2. Bg5 c5 3. Bxf6 gxf6 4. d5 Qb6 5. Qc1 Bg7 6. c4 Qb4+ 7. Nd2 d6 8.
e3 Bf5 9. Ngf3 Bg6 10. a3 Qb6 11. Be2 Nd7 12. O-O f5 13. Rb1 f4 14. e4 Bf6 15.
b4 Qc7 16. Re1 h5 17. Bf1 h4 18. Nb3 h3 19. bxc5 dxc5 20. Qd2 Rg8 21. Na5 hxg2
22. Bd3 Rb8 23. e5 Nxe5 24. Nxe5 Bxe5 25. Bxg6 Rxg6 26. Nxb7 f3 27. d6 exd6 28.
Nxd6+ Qxd6 29. Qxd6 Rxd6 30. Rxb8+ Kd7 31. Rb7+ Kc6 32. Rxf7 Rd3 33. Re7 Bc7
34. R7e3 Rd6 35. Re6 Rxe6 36. Rxe6+ 1-0

[Event "?"]
[Site "?"]
[Date "2021.09.16"]
[Round "6"]
[White "Теймурханлы, Теймур."]
[Black "Финкельштейн, Александр."]
[Result "1/2-1/2"]
[WhiteElo "1874"]
[BlackElo "1855"]
[PlyCount "100"]

1. e4 e6 2. Qe2 Be7 3. d3 d5 4. Nf3 Nf6 5. g3 b6 6. e5 Nfd7 7. Bg2 Bb7 8. O-O
c5 9. c4 d4 10. Nbd2 Nc6 11. Ne4 Ncxe5 12. Nxe5 Nxe5 13. Nf6+ Bxf6 14. Bxb7 Rb8
15. Bg2 O-O 16. Bf4 Nd7 17. Bxb8 Qxb8 18. f4 Re8 19. a3 Qd6 20. Rfe1 Nf8 21.
Qf3 a5 22. Rab1 Ng6 23. Re2 Rf8 24. h4 Ne7 25. Bh3 Rb8 26. b4 axb4 27. axb4
cxb4 28. Reb2 Nc6 29. Bg2 Rc8 30. h5 Be7 31. h6 g6 32. Qe2 Qd8 33. Bxc6 Rxc6
34. Qe4 Rc8 35. g4 Ra8 36. g5 Ra5 37. Rxb4 Bxb4 38. Rxb4 e5 39. Rb5 Rxb5 40.
cxb5 exf4 41. Qe5 Kf8 42. Kf2 f6 43. gxf6 Kf7 44. Kf1 Qxf6 45. Qc7+ Qe7 46.
Qxb6 f3 47. Kf2 Qe2+ 48. Kg3 f2 49. Qc7+ Ke6 50. Qc8+ Ke7 1/2-1/2

[Event "?"]
[Site "?"]
[Date "2021.09.16"]
[Round "6"]
[White "Корельский, Егор."]
[Black "Хлыповка, Степан."]
[Result "1-0"]
[WhiteElo "1896"]
[BlackElo "1725"]
[PlyCount "109"]

1. e4 c6 2. Nc3 d5 3. Nf3 Bg4 4. h3 Bxf3 5. Qxf3 e6 6. d3 Nd7 7. Bd2 Ngf6 8.
O-O-O Qc7 9. g4 h6 10. Re1 O-O-O 11. Rg1 Bb4 12. a3 Bxc3 13. Bxc3 Ne5 14. Qg3
d4 15. Bd2 c5 16. f4 Nc6 17. Qf2 Nd7 18. Qf3 Nb6 19. Be2 Na4 20. Kb1 Qb6 21.
Bc1 Nc3+ 22. Ka1 Nxe2 23. Qxe2 Rd7 24. e5 Ne7 25. Rgf1 g6 26. Bd2 Qc6 27. b3 b6
28. Kb2 Rc7 29. a4 a5 30. Qe4 Kb7 31. Qe2 Qd5 32. Rd1 Rd7 33. Be1 h5 34. Bg3
Qc6 35. Qe4 Qd5 36. Rh1 Qc6 37. Rdf1 Kc7 38. Bh4 hxg4 39. hxg4 Nd5 40. Bg5 Rxh1
41. Rxh1 Ne3 42. Qxc6+ Kxc6 43. Rh4 Kb7 44. Kc1 Ng2 45. Rh7 Ne3 46. f5 gxf5 47.
Bxe3 dxe3 48. gxf5 Kc6 49. fxe6 fxe6 50. Rxd7 Kxd7 51. Kd1 Ke7 52. Ke2 Kf7 53.
Kxe3 Kg6 54. Ke4 Kg5 55. c3 1-0